Strategic planning review (Record no. 68821)

MARC details
000 -LEADER
fixed length control field 00978cam a2200205 4500
001 - CONTROL NUMBER
control field WB3742-24
008 - FIXED-LENGTH DATA ELEMENTS--GENERAL INFORMATION
fixed length control field 011108n2001 000 0 eng u
035 ## - SYSTEM CONTROL NUMBER
System control number (Sirsi) u115540
245 ## - TITLE STATEMENT
Title Strategic planning review
260 ## - PUBLICATION, DISTRIBUTION, ETC.
Date of publication, distribution, etc. 2001
490 ## - SERIES STATEMENT
Series statement RICS Scotland News Release
Volume/sequential designation 5 November 2001, (3)
520 ## - SUMMARY, ETC.
Summary, etc. RICS Scotland has welcomed the Scottish Executive's Review of Strategic Planning. It believes this is essential to ensure the Scottish planning system provides leadership and certainty, both lacking in the current system. Copies of RICS Scotland's full response to the Review of Strategic Planning are available on request from RICS Scotland. Contact Elizabeth Bruce for further information on: +44 (0) 131 225 7078.
590 ## - LOCAL NOTE (RLIN)
Local note WB
650 ## - SUBJECT ADDED ENTRY--TOPICAL TERM
Topical term or geographic name entry element ABOUT RICS-RICS WORLDWIDE-RICS SCOTLAND
650 ## - SUBJECT ADDED ENTRY--TOPICAL TERM
Topical term or geographic name entry element SCOTLAND
650 ## - SUBJECT ADDED ENTRY--TOPICAL TERM
Topical term or geographic name entry element REVIEW
650 ## - SUBJECT ADDED ENTRY--TOPICAL TERM
Topical term or geographic name entry element STRATEGIC PLANNING
690 ## - LOCAL SUBJECT ADDED ENTRY--TOPICAL TERM (OCLC, RLIN)
Topical term or geographic name as entry element ENVIRONMENTAL AND LAND CONSULTANCY-PLANNING AND DEVELOPMENT
942 ## - ADDED ENTRY ELEMENTS (KOHA)
Suppress in OPAC 0
Holdings
Withdrawn status Lost status Source of classification or shelving scheme Damaged status Not for loan Home library Current library Shelving location Date acquired Total Checkouts Full call number Barcode Date last seen Copy number Price effective from Koha item type
    Dewey Decimal Classification     London London News article 08/11/2001   WB3742-24 115540-1001 06/08/2019 1 06/08/2019 News article